000 00733nam a2200229 4500
003 LK-CoMWRAF
005 20231109125135.0
008 230819b2006 |||||||| |||| 00| 0 eng d
020 _a9559989200
040 _aLK-CoMWRAF
_dLK-CoMWRAF
_eLK-CoMWRAF
041 _aeng
082 _a320.5
_bAME
100 _aAmeerdeen, Vellaithamby
245 _aEthnic politics of Muslims in Sri Lanka
260 _aKandy:
_bCentre for Minority Studies,
_c2006
300 _axiv, 271 p. ; 22 cm.
_bBibliography included
650 _aMUSLIMS-SRI LANKA-POLITICAL ACTIVITY
650 _aMuslims-Sri Lanka -Politics and government -20th century
650 _aIslam and politics -Sri Lanka
650 _aEthnic conflict -Sri Lanka
942 _cBK
999 _c3228
_d3228